[Event "Rilton Cup 51st"]
[Site "Stockholm"]
[Date "2023.12.29"]
[Round "3"]
[White "Aradhya, Garg"]
[Black "Suliborski, Jakub"]
[Result "1-0"]
[WhiteElo "2371"]
[BlackElo "2243"]
[PlyCount "77"]
[EventDate "2023.12.27"]
[EventType "swiss"]
[EventRounds "9"]
[EventCountry "SWE"]
[SourceTitle "CB02_2024"]
[SourceDate "2024.01.10"]
[SourceVersion "1"]
[SourceVersionDate "2024.01.10"]
[SourceQuality "1"]

1. d4 d5 2. c4 e6 3. Nf3 a6 4. Bg5 Be7 5. Bxe7 Qxe7 6. Nbd2 Nf6 7. g3 0-0 8. Rc1 c5 9. dxc5 d4 10. Nxd4 Rd8 11. N4b3 a5 12. Bg2 a4 13. Na1 Qxc5 14. Qc2 Nc6 15. 0-0 e5 16. e3 Nb4 17. Ne4 Nxe4 18. Qxe4 Be6 19. a3 Nd3 20. b4 axb3 21. Nxb3 Qxa3 22. Rc3 Nc5 23. Nxc5 Qxc3 24. Nxe6 fxe6 25. Qg4 Rd6 26. Bxb7 Rf8 27. h4 Rf6 28. Be4 Rd2 29. Bf3 Rd8 30. Be4 g6 31. Qg5 Rdf8 32. Bg2 Kg7 33. h5 h6 34. Qg4 Qc2 35. c5 Qc3 36. c6 Qc2 37. Be4 Qc4 38. hxg6 Qc3 39. Qd1 1-0

[Event "Rilton Cup 51st"]
[Site "Stockholm"]
[Date "2023.12.27"]
[Round "1"]
[White "Bronstein, Or"]
[Black "Suliborski, Jakub"]
[Result "1-0"]
[WhiteElo "2428"]
[BlackElo "2243"]
[PlyCount "63"]
[EventDate "2023.12.27"]
[EventType "swiss"]
[EventRounds "9"]
[EventCountry "SWE"]
[SourceTitle "CB02_2024"]
[SourceDate "2024.01.10"]
[SourceVersion "1"]
[SourceVersionDate "2024.01.10"]
[SourceQuality "1"]

1. d4 d5 2. c4 e6 3. Nc3 a6 4. cxd5 exd5 5. Nf3 c6 6. e4 dxe4 7. Ng5 Be7 8. Bc4 Nh6 9. Ncxe4 b5 10. Bb3 0-0 11. 0-0 Bf5 12. h3 Bxe4 13. Nxe4 Nf5 14. Qg4 g6 15. Rd1 Ra7 16. Bf4 Nd7 17. Rac1 Nf6 18. Nxf6+ Bxf6 19. Rxc6 Bxd4 20. Bg5 Qe8 21. Rd6 Bg7 22. R6d5 Qc8 23. Qb4 h6 24. Bf4 Bxb2 25. Rc5 a5 26. Qxb5 Qe8 27. Qb6 Nh4 28. Bg3 Qe4 29. Bd5 Qe2 30. Rb1 Bd4 31. Bxh4 Ra6 32. Qb5 1-0

[Event "Pobeskydy Talents op 42nd"]
[Site "Frydek Mistek"]
[Date "2023.04.08"]
[Round "6"]
[White "Mica, Marek"]
[Black "Suliborski, Jakub"]
[Result "1/2-1/2"]
[WhiteElo "2244"]
[BlackElo "2164"]
[PlyCount "37"]
[EventDate "2023.04.06"]
[EventType "swiss"]
[EventRounds "9"]
[EventCountry "CZE"]
[SourceTitle "EXT 2024"]
[Source "ChessBase"]
[SourceDate "2023.10.10"]
[SourceVersion "1"]
[SourceVersionDate "2023.10.10"]
[SourceQuality "1"]

1. c4 e6 2. Nf3 d5 3. d4 a6 4. Bg5 Be7 5. Bxe7 Qxe7 6. Nbd2 Nf6 7. g3 0-0 8. Bg2 Rd8 9. 0-0 Nbd7 10. Rc1 c6 11. Qc2 e5 12. cxd5 Nxd5 13. dxe5 Nxe5 14. Nxe5 Qxe5 15. Nc4 Qc7 16. e4 Nb6 17. Ne3 Be6 18. f4 f6 19. Rfd1 1/2-1/2

[Event "POL-ch blitz"]
[Site "Suwalki"]
[Date "2022.09.24"]
[Round "6"]
[White "Liskiewicz, Jakub"]
[Black "Suliborski, Jakub"]
[Result "1-0"]
[WhiteElo "1770"]
[BlackElo "2096"]
[PlyCount "129"]
[EventDate "2022.09.24"]
[EventType "swiss (blitz)"]
[EventRounds "15"]
[EventCountry "POL"]
[SourceTitle "CBM 210 Extra"]
[Source "ChessBase"]
[SourceDate "2022.11.30"]
[SourceVersion "1"]
[SourceVersionDate "2022.11.30"]
[SourceQuality "1"]

1. d4 Nf6 2. c4 g6 3. Nc3 Bg7 4. e4 d6 5. Be2 0-0 6. Nf3 e5 7. 0-0 Nc6 8. dxe5 dxe5 9. Qxd8 Nxd8 10. Be3 Ne6 11. Rfd1 c6 12. Rd2 Ng4 13. Rad1 Nxe3 14. fxe3 a5 15. Na4 Re8 16. Nb6 Rb8 17. Bd3 Nc5 18. Bc2 Be6 19. Kf2 h6 20. a3 a4 21. h3 Bf6 22. Ne1 Bd8 23. Nxa4 Nxa4 24. Bxa4 Bxc4 25. Nf3 Bb6 26. Rd7 Be6 27. Nxe5 Bxd7 28. Nxd7 Ra8 29. Nxb6 Ra6 30. Nd7 Kg7 31. Bb3 Rd8 32. Nc5 Rxd1 33. Bxd1 Ra7 34. Bb3 b6 35. Nd3 c5 36. Bc4 Rb7 37. a4 Ra7 38. b3 Re7 39. Kf3 f6 40. Bd5 Re8 41. Nb2 Rb8 42. Nc4 b5 43. axb5 Rxb5 44. Nd6 Rb6 45. Ne8+ Kf8 46. Nc7 Ke7 47. Kf4 Kd6 48. Ne6 Ra6 49. Nf8 f5 50. Nxg6 fxe4 51. Kxe4 Ra2 52. Nf4 Rd2 53. Bc4 Ke7 54. g4 Kf6 55. Nd5+ Kg5 56. Nf4 Rd6 57. Ne6+ Kh4 58. Ke5 Rd1 59. e4 Kxh3 60. Nf4+ Kg3 61. Kf5 Rd8 62. Ng6 Rd4 63. e5 Rxg4 64. e6 h5 65. e7 1-0

[Event "POL-ch blitz"]
[Site "Suwalki"]
[Date "2022.09.24"]
[Round "13"]
[White "Suliborski, Jakub"]
[Black "Basiaga, Sebastian"]
[Result "1-0"]
[WhiteElo "2096"]
[BlackElo "1826"]
[PlyCount "77"]
[EventDate "2022.09.24"]
[EventType "swiss (blitz)"]
[EventRounds "15"]
[EventCountry "POL"]
[SourceTitle "CBM 210 Extra"]
[Source "ChessBase"]
[SourceDate "2022.11.30"]
[SourceVersion "1"]
[SourceVersionDate "2022.11.30"]
[SourceQuality "1"]

1. e4 e5 2. Nf3 Nc6 3. Bb5 a6 4. Bxc6 dxc6 5. 0-0 f6 6. d4 exd4 7. Nxd4 c5 8. Nb3 Qxd1 9. Rxd1 Bd6 10. Be3 b6 11. a4 a5 12. Nc3 Bb7 13. f3 Ne7 14. Nb5 0-0-0 15. Nd2 Be5 16. Nc4 g5 17. Nxe5 fxe5 18. Bxg5 Rxd1+ 19. Rxd1 Nc6 20. c3 Rg8 21. h4 Ba6 22. Kf2 Re8 23. g4 Kb7 24. Rd7 Bxb5 25. axb5 Na7 26. c4 a4 27. Rxh7 Nc8 28. Ke3 Nd6 29. Kd3 a3 30. bxa3 Ra8 31. Bc1 Rf8 32. Ke2 Nxc4 33. g5 Rg8 34. h5 Nd6 35. g6 Nxb5 36. g7 Nd6 37. Bg5 Nf7 38. Bf6 b5 39. Rh8 1-0

[Event "POL-chT 2nd League"]
[Site "Sypniewo"]
[Date "2021.09.10"]
[Round "7.8"]
[White "Suliborski, Jakub"]
[Black "Bienias, Piotr"]
[Result "1-0"]
[WhiteElo "2159"]
[BlackElo "1898"]
[PlyCount "95"]
[EventDate "2021.09.04"]
[EventType "team-swiss"]
[EventRounds "9"]
[EventCountry "POL"]
[SourceTitle "CBM 204 Extra"]
[Source "ChessBase"]
[SourceDate "2021.11.30"]
[SourceVersion "1"]
[SourceVersionDate "2021.11.30"]
[SourceQuality "1"]
[WhiteTeam "Wisznia Mala Bialy Krol II"]
[BlackTeam "Wroclaw Hetman"]
[WhiteTeamCountry "POL"]
[BlackTeamCountry "POL"]

1. e4 c5 2. Nf3 Nc6 3. c4 e5 4. Nc3 g6 5. d3 d6 6. h4 h6 7. Be2 Bg7 8. h5 g5 9. Nh2 a6 10. Bg4 Rb8 11. a4 Nd4 12. Be3 Ne7 13. 0-0 f5 14. exf5 Nexf5 15. Rb1 0-0 16. Re1 Be6 17. Nf1 b5 18. axb5 axb5 19. Bxd4 cxd4 20. Nxb5 Qf6 21. Qe2 Rf7 22. Nd2 d5 23. b3 Kh8 24. Rf1 Bc8 25. Ra1 Qb6 26. Na3 Bb7 27. cxd5 Bxd5 28. Nac4 Qc7 29. Rfe1 Re8 30. Ne4 Rb8 31. Rec1 Rxb3 32. Bxf5 Rxf5 33. Ncd6 Qd7 34. Nxf5 Qxf5 35. Rab1 Ra3 36. Ra1 Rb3 37. Rcb1 Rc3 38. Nxc3 dxc3 39. Ra5 Qd7 40. Rc5 Bb7 41. Rxc3 e4 42. Rcb3 exd3 43. Qxd3 Qxd3 44. Rxd3 Be4 45. Rb8+ Kh7 46. Rd7 g4 47. Re7 Bd5 48. Rd8 1-0

[Event "POL-chT 2nd League"]
[Site "Sypniewo"]
[Date "2021.09.04"]
[Round "1.7"]
[White "Jedynak, January"]
[Black "Suliborski, Jakub"]
[Result "1/2-1/2"]
[WhiteElo "1877"]
[BlackElo "2159"]
[PlyCount "65"]
[EventDate "2021.09.04"]
[EventType "team-swiss"]
[EventRounds "9"]
[EventCountry "POL"]
[SourceTitle "CBM 204 Extra"]
[Source "ChessBase"]
[SourceDate "2021.11.30"]
[SourceVersion "1"]
[SourceVersionDate "2021.11.30"]
[SourceQuality "1"]
[WhiteTeam "Warszawa Zugzwang"]
[BlackTeam "Wisznia Mala Bialy Krol II"]
[WhiteTeamCountry "POL"]
[BlackTeamCountry "POL"]

1. b3 e5 2. Bb2 Nc6 3. e3 Nf6 4. Nf3 e4 5. Ne5 Bd6 6. Nxc6 dxc6 7. d3 Qe7 8. Nd2 exd3 9. Bxd3 Bg4 10. Be2 Bf5 11. 0-0 Rd8 12. Bd3 Bxd3 13. cxd3 Bxh2+ 14. Kxh2 Rxd3 15. Bxf6 Qxf6 16. Qg4 Rxd2 17. Qc8+ Qd8 18. Qxb7 Rd6 19. Rac1 Rh6+ 20. Kg1 Qd6 21. Rfd1 Qh2+ 22. Kf1 0-0 23. Rxc6 Qh1+ 24. Ke2 Qxg2 25. Rxc7 Qg4+ 26. Qf3 Qe6 27. Rxa7 Rf6 28. Qg2 Rg6 29. Qd5 Qg4+ 30. Qf3 Qc8 31. Qb7 Qg4+ 32. Qf3 Qc8 33. Qb7 1/2-1/2

[Event "Split op 10th"]
[Site "Split"]
[Date "2021.08.06"]
[Round "8"]
[White "Armanda, Ivica"]
[Black "Suliborski, Jakub"]
[Result "1-0"]
[WhiteElo "2253"]
[BlackElo "2151"]
[PlyCount "69"]
[EventDate "2021.07.31"]
[EventType "swiss"]
[EventRounds "9"]
[EventCountry "CRO"]
[SourceTitle "CBM 203 Extra"]
[Source "ChessBase"]
[SourceDate "2021.09.30"]
[SourceVersion "1"]
[SourceVersionDate "2021.09.30"]
[SourceQuality "1"]

1. e4 c5 2. Nf3 Nc6 3. d4 cxd4 4. Nxd4 g6 5. Nc3 Bg7 6. Be3 Nf6 7. Bc4 0-0 8. Bb3 a5 9. 0-0 a4 10. Nxa4 Nxe4 11. c4 d5 12. cxd5 Nb4 13. Qf3 Bd7 14. Nc3 Nc5 15. Nc6 bxc6 16. Bxc5 Nxd5 17. Nxd5 cxd5 18. Bxd5 Ra5 19. b4 Rxc5 20. bxc5 Bxa1 21. Rxa1 e6 22. Bb7 Qa5 23. c6 Bc8 24. h4 Qb4 25. Qb3 Qxh4 26. a4 e5 27. a5 Be6 28. Qe3 Bd5 29. Qc5 Bxg2 30. Kxg2 Qg4+ 31. Kf1 Qh3+ 32. Ke2 Qh5+ 33. f3 Rd8 34. Rd1 Rxd1 35. c7 1-0

[Event "Split op 10th"]
[Site "Split"]
[Date "2021.08.04"]
[Round "6"]
[White "Suliborski, Jakub"]
[Black "Mis, Mieszko"]
[Result "0-1"]
[WhiteElo "2151"]
[BlackElo "2348"]
[PlyCount "84"]
[EventDate "2021.07.31"]
[EventType "swiss"]
[EventRounds "9"]
[EventCountry "CRO"]
[SourceTitle "CBM 203 Extra"]
[Source "ChessBase"]
[SourceDate "2021.09.30"]
[SourceVersion "1"]
[SourceVersionDate "2021.09.30"]
[SourceQuality "1"]

1. d4 Nf6 2. c4 e6 3. Nf3 b6 4. g3 Bb7 5. Bg2 Bb4+ 6. Bd2 c5 7. 0-0 0-0 8. Bxb4 cxb4 9. Qb3 a5 10. a3 Na6 11. Nbd2 Qe7 12. Ne5 Bxg2 13. Kxg2 Rfc8 14. f4 d6 15. Nef3 Qb7 16. Qd3 e5 17. fxe5 dxe5 18. dxe5 Rd8 19. Qe3 Ng4 20. Qf4 Nxe5 21. Qxe5 Rxd2 22. Kg1 Rd7 23. Qf5 h6 24. Rf2 bxa3 25. bxa3 Re8 26. Raf1 Qc7 27. Nh4 Nc5 28. Qg4 Qe5 29. Nf5 Re6 30. Rf4 Kh8 31. Qf3 Ne4 32. h4 Nd2 33. Qa8+ Re8 34. Qc6 Rc7 35. Qxb6 Nxf1 36. Rxf1 g6 37. Nxh6 Qxg3+ 38. Kh1 Qxh4+ 39. Kg1 Qg3+ 40. Kh1 Rxe2 41. Nxf7+ Kh7 42. Qf6 Qh2# 0-1

[Event "Split op 10th"]
[Site "Split"]
[Date "2021.08.01"]
[Round "3"]
[White "Suliborski, Jakub"]
[Black "Roos, Adrian"]
[Result "0-1"]
[WhiteElo "2151"]
[BlackElo "2303"]
[PlyCount "88"]
[EventDate "2021.07.31"]
[EventType "swiss"]
[EventRounds "9"]
[EventCountry "CRO"]
[SourceTitle "EXT 2022"]
[Source "ChessBase"]
[SourceDate "2021.10.06"]
[SourceVersion "1"]
[SourceVersionDate "2021.10.06"]
[SourceQuality "1"]

1. d4 Nf6 2. Bg5 e6 3. e4 h6 4. Bxf6 Qxf6 5. Nf3 d5 6. e5 Qd8 7. Bd3 c5 8. c3 Qb6 9. Qb3 c4 10. Qxb6 axb6 11. Bc2 b5 12. b4 cxb3 13. Bxb3 Bd7 14. Nbd2 Ba3 15. Rb1 Ke7 16. Ng1 Rc8 17. Ne2 Nc6 18. h4 Na5 19. Bd1 Ra7 20. Rh3 Nc4 21. Nxc4 bxc4 22. g4 b5 23. f4 Kf8 24. Bc2 Be7 25. Rb2 Ba3 26. Rb1 Rca8 27. f5 Be7 28. Nf4 Rxa2 29. fxe6 fxe6 30. Kd1 Ra1 31. Rf3 Ke8 32. Ng6 R8a2 33. h5 Ba3 34. Rxa1 Rxa1+ 35. Kd2 Rg1 36. Bd1 Rg2+ 37. Ke1 Rxg4 38. Rf1 Rg3 39. Kd2 Be7 40. Bf3 b4 41. cxb4 Bxb4+ 42. Ke3 c3 43. Kf2 Rg5 44. Bd1 Bb5 0-1

[Event "Krakow op-A 31st"]
[Site "Krakow"]
[Date "2021.01.03"]
[Round "8"]
[White "Suliborski, Jakub"]
[Black "Sanz Wawer, Daniel"]
[Result "1-0"]
[WhiteElo "2120"]
[BlackElo "2313"]
[PlyCount "69"]
[EventDate "2020.12.27"]
[EventType "swiss"]
[EventRounds "9"]
[EventCountry "POL"]
[SourceTitle "CBM 200 Extra"]
[Source "ChessBase"]
[SourceDate "2021.03.31"]
[SourceVersion "1"]
[SourceVersionDate "2021.03.31"]
[SourceQuality "1"]

1. d4 Nf6 2. g3 c5 3. d5 e6 4. c4 exd5 5. cxd5 d6 6. Nc3 g6 7. Bg2 Bg7 8. Nf3 0-0 9. 0-0 Re8 10. Nd2 a6 11. a4 Nbd7 12. h3 b6 13. Ra3 Rb8 14. Nde4 Nxe4 15. Nxe4 Ne5 16. Bg5 f6 17. Bf4 h6 18. g4 f5 19. gxf5 Bxf5 20. Rg3 g5 21. Nxg5 Ng6 22. Ne6 Rxe6 23. Bxh6 Bxh6 24. dxe6 Kh7 25. e4 Bxe6 26. f4 Bc4 27. Qh5 Qe8 28. e5 d5 29. Rf2 Ba2 30. Qf5 Qg8 31. b3 Rf8 32. Bxd5 Qg7 33. Qh5 Bb1 34. f5 Rd8 35. Rxg6 1-0

[Event "Krakow op-A 31st"]
[Site "Krakow"]
[Date "2021.01.02"]
[Round "7"]
[White "Sernecki, Franciszek"]
[Black "Suliborski, Jakub"]
[Result "1/2-1/2"]
[WhiteElo "2266"]
[BlackElo "2120"]
[PlyCount "35"]
[EventDate "2020.12.27"]
[EventType "swiss"]
[EventRounds "9"]
[EventCountry "POL"]
[SourceTitle "CBM 200 Extra"]
[Source "ChessBase"]
[SourceDate "2021.03.31"]
[SourceVersion "1"]
[SourceVersionDate "2021.03.31"]
[SourceQuality "1"]

1. d4 d5 2. c4 e6 3. Nf3 Nf6 4. Nc3 Be7 5. Bf4 0-0 6. Rc1 a6 7. cxd5 exd5 8. e3 c6 9. h3 Bf5 10. Bd3 Bxd3 11. Qxd3 Nbd7 12. 0-0 Re8 13. Bh2 Nb6 14. Ne5 Bd6 15. Qf5 Qe7 16. b3 Ne4 17. Rfd1 Rad8 18. Rc2 1/2-1/2

[Event "POL-chT 2nd League"]
[Site "Jastrzebia Gora"]
[Date "2019.09.14"]
[Round "8.18"]
[White "Suliborski, Jakub"]
[Black "Kowalczyk, Rafal"]
[Result "1/2-1/2"]
[WhiteElo "2169"]
[BlackElo "2226"]
[PlyCount "137"]
[EventDate "2019.09.07"]
[EventType "team-swiss"]
[EventRounds "9"]
[EventCountry "POL"]
[SourceTitle "EXT 2020"]
[Source "ChessBase"]
[SourceDate "2019.10.17"]
[SourceVersion "1"]
[SourceVersionDate "2019.10.17"]
[SourceQuality "1"]
[WhiteTeam "Minsk Mazowiecki MTSz"]
[BlackTeam "Zarzewie Prudnik"]
[WhiteTeamCountry "POL"]
[BlackTeamCountry "POL"]

1. d4 Nf6 2. Nf3 e6 3. c4 Bb4+ 4. Bd2 Qe7 5. a3 Bxd2+ 6. Nbxd2 d6 7. e3 b6 8. Be2 Bb7 9. 0-0 h6 10. b4 Nbd7 11. Ne1 e5 12. d5 e4 13. Nc2 b5 14. cxb5 Nxd5 15. Nd4 0-0 16. Qc2 f5 17. Bc4 Kh8 18. N2b3 Ne5 19. Na5 Nb6 20. Be6 Bc8 21. Bxc8 Raxc8 22. Nac6 Nxc6 23. Nxc6 Qf7 24. Nxa7 Rce8 25. Nc6 f4 26. exf4 Nd5 27. Qa2 Qh5 28. Nd4 Nxf4 29. Rae1 Qg5 30. g3 Nh3+ 31. Kh1 e3 32. fxe3 Rxf1+ 33. Rxf1 Qxe3 34. Nf5 Qd3 35. Qg2 Ng5 36. h4 Ne4 37. Qf3 Qxb5 38. Re1 Qe5 39. Kg2 d5 40. g4 Rf8 41. h5 Kh7 42. Qe3 Rf6 43. Re2 Rc6 44. Qd4 Qxd4 45. Nxd4 Rc3 46. Rc2 Rxa3 47. Rxc7 Rg3+ 48. Kh2 Rxg4 49. Ne6 Nd6 50. Kh3 Rxb4 51. Rxg7+ Kh8 52. Rd7 Nf5 53. Kg2 Re4 54. Nf8 d4 55. Ng6+ Kg8 56. Kf3 Re1 57. Kf4 Ng7 58. Ne5 Rh1 59. Ng4 Kf8 60. Nxh6 Rh4+ 61. Kg3 Rxh5 62. Rf7+ Ke8 63. Rxg7 Rxh6 64. Kf3 Re6 65. Rg4 Rd6 66. Ke2 Ke7 67. Kd3 Ke6 68. Rxd4 Rxd4+ 69. Kxd4 1/2-1/2

[Event "Poznan op 27th"]
[Site "Poznan"]
[Date "2019.08.24"]
[Round "8"]
[White "Suliborski, Jakub"]
[Black "Aleksandrowicz, Marek"]
[Result "1-0"]
[WhiteElo "2132"]
[BlackElo "1887"]
[PlyCount "83"]
[EventDate "2019.08.18"]
[EventType "swiss"]
[EventRounds "9"]
[EventCountry "POL"]
[SourceTitle "EXT 2020"]
[Source "ChessBase"]
[SourceDate "2019.10.17"]
[SourceVersion "1"]
[SourceVersionDate "2019.10.17"]
[SourceQuality "1"]

1. d4 d5 2. c4 c6 3. Nc3 Nf6 4. Nf3 e6 5. e3 Nbd7 6. Bd3 dxc4 7. Bxc4 b5 8. Bd3 b4 9. Ne2 c5 10. e4 Bb7 11. e5 Nd5 12. 0-0 Be7 13. Re1 Rc8 14. Ng3 0-0 15. Qe2 cxd4 16. Nxd4 Nc5 17. Bb1 Nf4 18. Bxf4 Qxd4 19. Nh5 g5 20. Rd1 Ba6 21. Qg4 Bd3 22. Qg3 Ne4 23. Qxd3 Qxf2+ 24. Kh1 Rfd8 25. Qf1 Rxd1 26. Qxd1 Qxf4 27. Bxe4 Qxe4 28. Qd7 Qc6 29. Qd2 Qc2 30. Qe3 Qxb2 31. Rf1 Qc3 32. Qf2 Rf8 33. Qxa7 Qc5 34. Qxc5 Bxc5 35. Nf6+ Kg7 36. Nd7 Bd4 37. Nxf8 Kxf8 38. Rb1 Bc3 39. g4 Ke7 40. Kg2 Kd7 41. h3 Kc6 42. Rf1 1-0

[Event "Poznan op 27th"]
[Site "Poznan"]
[Date "2019.08.23"]
[Round "7"]
[White "Rozumek, Krzysztof"]
[Black "Suliborski, Jakub"]
[Result "0-1"]
[WhiteElo "1713"]
[BlackElo "2132"]
[PlyCount "136"]
[EventDate "2019.08.18"]
[EventType "swiss"]
[EventRounds "9"]
[EventCountry "POL"]
[SourceTitle "EXT 2020"]
[Source "ChessBase"]
[SourceDate "2019.10.17"]
[SourceVersion "1"]
[SourceVersionDate "2019.10.17"]
[SourceQuality "1"]

1. e4 e6 2. d3 c5 3. Nd2 Nc6 4. Ngf3 g6 5. c3 Bg7 6. g3 Nge7 7. Bg2 0-0 8. 0-0 d5 9. Re1 b5 10. exd5 exd5 11. Nb3 c4 12. dxc4 bxc4 13. Nbd4 Bg4 14. Bg5 Qd7 15. Qa4 Rfe8 16. Bxe7 Nxe7 17. Qxd7 Bxd7 18. Ne5 Be6 19. Rad1 Rab8 20. Rd2 Rb6 21. f4 Reb8 22. Ree2 Bxe5 23. fxe5 a5 24. h3 Re8 25. g4 h6 26. Kh2 Nc8 27. Kg3 Kg7 28. h4 Rb7 29. Nc6 Nb6 30. Bf3 Rc8 31. Nd4 Na4 32. Kf4 Rb6 33. h5 Nc5 34. Kg3 Nd3 35. hxg6 Kxg6 36. Nf5 Rc7 37. Rh2 Bxf5 38. gxf5+ Kxf5 39. Rh5+ Kg6 40. Rdh2 Kg7 41. Bxd5 Rg6+ 42. Kf3 Rc5 43. Be4 Nxe5+ 44. Ke2 Rb6 45. Kd1 Nd7 46. Ke2 Rxh5 47. Rxh5 Nf6 48. Rh4 Nxe4 49. Rxe4 Rc6 50. Re5 Kg6 51. Rxa5 f5 52. b4 cxb3 53. axb3 f4 54. c4 f3+ 55. Kd3 Re6 56. Ra8 Kg5 57. Rg8+ Kf4 58. Rf8+ Kg3 59. Rg8+ Kh2 60. Rf8 Kg2 61. Rg8+ Kf1 62. Rf8 f2 63. Kd2 Rd6+ 64. Kc2 Rc6 65. Kd3 h5 66. b4 h4 67. Rh8 Rf6 68. Kd2 Kg2 0-1

[Event "Poznan op 27th"]
[Site "Poznan"]
[Date "2019.08.20"]
[Round "4"]
[White "Suliborski, Jakub"]
[Black "Janicki, Rafal"]
[Result "0-1"]
[WhiteElo "2132"]
[BlackElo "1809"]
[PlyCount "100"]
[EventDate "2019.08.18"]
[EventType "swiss"]
[EventRounds "9"]
[EventCountry "POL"]
[SourceTitle "EXT 2020"]
[Source "ChessBase"]
[SourceDate "2019.10.17"]
[SourceVersion "1"]
[SourceVersionDate "2019.10.17"]
[SourceQuality "1"]

1. d4 e6 2. e4 d5 3. Bd3 dxe4 4. Bxe4 Nf6 5. Bf3 c5 6. Ne2 Nc6 7. Be3 cxd4 8. Nxd4 Ne5 9. 0-0 Be7 10. Qe2 a6 11. Rd1 Qc7 12. Nc3 0-0 13. Kh1 Nxf3 14. Qxf3 Bd7 15. Bf4 e5 16. Bg3 Bg4 17. Qd3 Bxd1 18. Rxd1 Rad8 19. Qe2 Rfe8 20. Nf5 Rxd1+ 21. Nxd1 Bc5 22. Bh4 Qc6 23. h3 Qe4 24. Qxe4 Nxe4 25. f3 Nd6 26. Nxd6 Bxd6 27. Nc3 f6 28. Kg1 Kf7 29. Kf1 Ke6 30. Ke2 Bb4 31. Ne4 Rd8 32. c3 Be7 33. g4 Kd5 34. b3 b5 35. Kd3 Kc6+ 36. Ke2 a5 37. Be1 b4 38. c4 Bc5 39. Bd2 a4 40. Ng3 axb3 41. axb3 Ra8 42. Nh5 Ra3 43. Nxg7 Rxb3 44. Nh5 Be7 45. Ng3 Rb1 46. Kd3 b3 47. Ne2 b2 48. Kc2 Rd1 49. Nc3 Rxd2+ 50. Kxd2 Bb4 0-1

[Event "Suwalki Warakomska Memorial op 3rd"]
[Site "Suwalki"]
[Date "2019.08.11"]
[Round "8"]
[White "Suliborski, Jakub"]
[Black "Gurbanov, Andrei"]
[Result "1/2-1/2"]
[WhiteElo "2132"]
[BlackElo "2322"]
[PlyCount "86"]
[EventDate "2019.08.05"]
[EventType "swiss"]
[EventRounds "9"]
[EventCountry "POL"]
[SourceTitle "CBM 191 Extra"]
[Source "ChessBase"]
[SourceDate "2019.09.30"]
[SourceVersion "1"]
[SourceVersionDate "2019.09.30"]
[SourceQuality "1"]

1. d4 d5 2. Nf3 Nf6 3. c4 e6 4. Nc3 c6 5. Bg5 h6 6. Bxf6 Qxf6 7. e3 g6 8. Rc1 Nd7 9. Be2 Bg7 10. 0-0 0-0 11. a3 dxc4 12. Bxc4 Rd8 13. Qe2 e5 14. dxe5 Nxe5 15. Nxe5 Qxe5 16. Rfd1 Re8 17. Qf3 Qf6 18. Qxf6 Bxf6 19. Rd2 Bf5 20. Rcd1 Rad8 21. Kf1 Kf8 22. Ke2 Bg4+ 23. f3 Bf5 24. e4 Bc8 25. Rxd8 Bxd8 26. g3 h5 27. Rd2 g5 28. Bd3 Bc7 29. Bc2 Ke7 30. Kf1 Be6 31. Ne2 Be5 32. Bd1 h4 33. Kg2 hxg3 34. hxg3 Rh8 35. f4 Bh3+ 36. Kf3 gxf4 37. gxf4 Bc7 38. Nd4 Bc8 39. e5 Rh4 40. Ke4 f6 41. Nf5+ Bxf5+ 42. Kxf5 fxe5 43. fxe5 Rh1 1/2-1/2